书目信息 |
| 题名: |
腹泻患者饮食调养
|
|
| 作者: | 黄慧芹 主编 | |
| 分册: | ||
| 出版信息: | 北京 金盾出版社 2002 |
|
| 页数: | 152页 | |
| 开本: | 19cm | |
| 丛书名: | ||
| 单 册: | ||
| 中图分类: | R574.620.5 | |
| 科图分类: | ||
| 主题词: | 腹泻--饮食疗法 , CT--S023464--腹泻 , CT--S903916--饮食疗法 | |
| 电子资源: | ||
| ISBN: | 7-5082-1898-1 | |
| 000 | 01163nam0 2200349 450 | |
| 000 | 01128nam0 2200337 450 | |
| 000 | 01091nam0 2200325 450 | |
| 000 | 01052nam0 2200313 450 | |
| 000 | 00976nam0 2200289 45 | |
| 001 | 012002072581 | |
| 005 | 20020918170904.5 | |
| 010 | @a7-5082-1898-1@dCNY5.00 | |
| 035 | @a(011001)c2002062431 | |
| 092 | @aCN@b592320 | |
| 100 | @a20020911d2002 em y0chiy0110 ea | |
| 101 | 0 | @achi |
| 102 | @aCN@b110000 | |
| 105 | @ay z 000yy | |
| 106 | @ar | |
| 200 | 1 | @a腹泻患者饮食调养@Afu xie huan zhe yin shi diao yang@f黄慧芹主编@Fhuang hui qin zhu bian |
| 210 | @a北京@c金盾出版社@d2002 | |
| 215 | @a152页@d19cm | |
| 330 | @a本书主要讲述了腹泻的基础知识,并对急性肠炎、慢性肠炎、急性细菌性痢疾、慢性细菌性痢疾、溃疡性结肠炎和小儿消化不良等腹泻的病因、临床表现及食疗方法分别做了详细的介绍。 | |
| 606 | 0 | @a腹泻@x饮食疗法 |
| 606 | 0 | @2CT@3S023464@a腹泻 |
| 606 | 0 | @2CT@3S903916@a饮食疗法 |
| 690 | @aR574.620.5@v4 | |
| 701 | 0 | @a黄慧芹@Ahuang hui qin@4主编 |
| 801 | 0 | @aCN@bNLC@c20020918 |
| 905 | @aBZT@dR574.620.5@e1 | |
| 906 | @dCNY5.00@n0@r1 | |
| 腹泻患者饮食调养/黄慧芹主编.-北京:金盾出版社,2002 |
| 152页;19cm |
| ISBN 7-5082-1898-1:CNY5.00 |
| 本书主要讲述了腹泻的基础知识,并对急性肠炎、慢性肠炎、急性细菌性痢疾、慢性细菌性痢疾、溃疡性结肠炎和小儿消化不良等腹泻的病因、临床表现及食疗方法分别做了详细的介绍。 |
| ● |
| 相关链接 |
|
|
|
正题名:腹泻患者饮食调养
索取号:R574.620.5/1
 
预约/预借
| 序号 | 登录号 | 条形码 | 馆藏地/架位号 | 状态 | 备注 |
| 1 | 652488 | 2000652488 | 中心书库中库/ 中库010架A面5列3层35/ [索取号:R574.620.5/1] | 在馆 | |
| 2 | 652489 | 2000652489 | 中心书库中库/ 中库010架A面5列3层29/ [索取号:R574.620.5/1] | 在馆 | |
| 3 | 652490 | 2000652490 | 中心书库中库/ 中库010架A面5列3层33/ [索取号:R574.620.5/1] | 在馆 | |
| 4 | 652491 | 2000652491 | 中心书库中库/ 中库010架A面5列3层28/ [索取号:R574.620.5/1] | 在馆 | |
| 5 | 652492 | 2000652492 | 中心书库中库/ 中库010架A面5列3层32/ [索取号:R574.620.5/1] | 在馆 | |
| 6 | 652493 | 2000652493 | 中心书库中库/ 中库010架A面4列6层29/ [索取号:R574.620.5/1] | 在馆 | |
| 7 | 652494 | 2000652494 | 中心书库中库/ 中库010架A面5列3层34/ [索取号:R574.620.5/1] | 在馆 | |
| 8 | 652495 | 2000652495 | 中心书库中库/ 中库010架A面5列3层31/ [索取号:R574.620.5/1] | 在馆 | |
| 9 | 652496 | 2000652496 | 中心书库中库/ 中库010架A面5列3层30/ [索取号:R574.620.5/1] | 在馆 | |
| 10 | 652497 | 2000652497 | 中心书库中库/ 中库010架A面5列3层27/ [索取号:R574.620.5/1] | 在馆 |